Statistics for Deaths by Date and Cause #2

Click here to take the quiz!

General Stats

  • This quiz has been taken 41,719 times
    (22,109 since last reset)
  • The average score is 15 of 26

Answer Stats

YearWhereHowPerson% Correct
1963DallasAssassinationJohn F. Kennedy
95%
1945BerlinSuicideAdolf Hitler
91%
1865Washington DCAssassinationAbraham Lincoln
87%
1968MemphisAssassinationMartin Luther
King, Jr.
79%
2009Los AngelesInjection by
his doctor
Michael Jackson
79%
2006IraqHangingSaddam Hussein
78%
1937Pacific OceanPlane crash?Amelia Earhart
70%
1980New YorkAssassinationJohn Lennon
70%
2006QueenslandStingraySteve Irwin
65%
2011LibyaSummary
execution
Muammar
Gaddafi
65%
1805Cape TrafalgarShot in battleHoratio Nelson
61%
399 BCAthensHemlockSocrates
60%
1791ViennaIllnessWolfgang
Amadeus Mozart
59%
1916St. PetersburgPoison,
gunshot,
drowning
Rasputin
59%
1876Little BighornBattle woundsGeorge Custer
54%
1536LondonBeheadingAnne Boleyn
51%
1971ParisOverdoseJim Morrison
39%
1926DetroitAppendicitis,
gut punch
Harry Houdini
38%
1984Los AngelesShot by fatherMarvin Gaye
37%
1970LondonAsphyxiationJimi Hendrix
37%
2013CaliforniaCar crashPaul Walker
37%
1993North
Carolina
Prop gunBrandon Lee
36%
2011Palo AltoCancerSteve Jobs
36%
2012Beverly HillsDrugs,
drowning
Whitney Houston
34%
2013CaracasCancerHugo Chávez
31%
1998NevadaSki accidentSonny Bono
28%

Score Distribution

Percentile by Number Answered

Percent of People with Each Score

Your Score History

You have not taken this quiz since the last reset